000 02164nam a22002417a 4500
003 Uzh_bibl
008 260525b |||||||| |||| 00| 0 ukr d
020 _a978-1-4052-5675-9
_c100.00
040 _bукр.
041 _2eng
_aeng
080 _a821(410)
090 _a821(410)
_bМ 83
100 _a Morpurgo, Michael
245 _aThe White Horse of Zennor
_hText
260 _aLondon
_b Egmont UK Limited
_c2011
300 _a150 s.
520 _aA thrilling collection of myths, legends and ghost stories from War Horse author and former Children's Laureate Michael Morpurgo. A thrilling collection of myths, legends and ghost stories from War Horse author and Britain’s best-loved storyteller Michael Morpurgo. Since the beginning of time, strange and mysterious things have happened here … At the furthest edge of Britain, where the sea gently washes over the land and myths brush against reality, lies Zennor. Set in a church town where men become beats and ghosts roam freely, these are haunting and unforgettable tales where magic lies around every corner.Захоплююча збірка міфів, легенд і історій про привидів від автора «Бойового коня» та найулюбленішого британського оповідача Майкла Морпурго. З початку часів тут відбувалися дивні й загадкові речі ... На найвіддаленішому краю Британії, де море ніжно омиває землю, а міфи торкаються реальності, лежить Зеннор. Дія відбувається в церковному містечку, де люди стають звірами, а привиди вільно блукають — це моторошні та незабутні історії, де магія чекає за кожним кутом.
521 _aДля підлітків
525 _aДля старшого шкільного віку
546 _aукр.
650 _aЛітературно-художне видання
942 _2udc
_cBK
999 _c17978
_d17978